000 00819nam a2200217 a 4500
008 951213s1984||||[C 0 slo c
020 _c16 Kčs.
_q(18000 výtl.)
040 _aSNK
_bslo
_cSNK
_eAACR2
041 1 _aslo
_hrus
044 _axo
_cSK
080 _a947"1912/1913"(082)
100 1 _aLenin, Vladimir Iľjič
_4aut
245 1 0 _aZobrané spisy. /Zv./ 22
_bJúl 1912 - február 1913
_cVladimir Iľjič Lenin ; Ján Žigo, Oto Takáč
250 _a2., vyd.
260 _aBratislava
_bPravda
_c1984
_eBratislava
_fPravda
300 _a719 s., 31,17 AH
_bTb.
_c21 cm
500 _aLit. 120. Pozn. Zozn. nenájdených prác V.I. Lenina. Reg. lit. prác a prameňov a men. Životopisné údaje. Faksim. rkp. 120 zázn. v slov. a češ.
700 1 _aŽigo, Ján
_4trl
700 1 _aTakáč, Oto
_4bkd
958 _aA
999 _c15443
_d15443